| 000 | 00604nam a2200229Ia 4500 | ||
|---|---|---|---|
| 008 | 171025s9999 xx 000 0 und d | ||
| 020 | _a1855064693 | ||
| 050 | _a745 | ||
| 050 | _bAr792 1996 | ||
| 245 | _aArts and crafts essays / | ||
| 245 | _cby Crafts Exhibition Society ; preface by William Morris. | ||
| 260 | _aUnited Kingdom : | ||
| 260 | _bThoemmes Press, | ||
| 260 | _c1996 | ||
| 300 | _axvii, 420 pages : | ||
| 300 | _billustrations ; | ||
| 300 | _c21cm. | ||
| 650 | _aArts and crafts movement. | ||
| 650 | _aDecorative arts. | ||
| 700 | _aMorris, William. | ||
| 700 | _aTitle. | ||
| 999 |
_c344426 _d344426 |
||